000 00862nam a2200265Ia 4500
003 OSt
005 20221005111003.0
006 a|||||r|||| 00| 0
007 ta
008 221004b |||||||| |||| 00| 0 hin d
020 _a8183610269 (hbk)
_c250
024 _a97636
037 _b575, 23/03/2009, Vani Prakashan
_cTextual
040 _aCRL
_cCRL
_bhin
041 _2hin
_ahin
082 _aO152,6N36x, P5
100 _aदूधनाथ सिंह
245 0 _aकहा सुनी
246 _aKahā sunī
260 _aनई दिल्ली
_bराधाकृष्ण भारत
_c2005
300 _a195पृ0
_ccm.
650 _aहिन्दी साहित्य
942 _hO152,6N36x, P5
_cTEXL
_2cc
999 _c1020480
_d1020480